Política de sexos / (Registro nro. 11319)

Detalles MARC
000 -LIDER
fixed length control field 00995nam a2200313 4500
001 - NÚMERO DE CONTROL
Identificador de número de control 00145
003 - IDENTIFICACDOR DE NÚMERO DE CONTROL
control field DO-SdBNP
005 - DATE AND TIME OF LATEST TRANSACTION
control field 20171108140401.0
007 - CAMPOS FIJOS DE DESCRIPCIÓN FÍSICA
fixed length control field 00145
008 - ELEMENTOS DE LONGITUD FIJA
fixed length control field 160905b1998 sp |||| |||| 00| 0 spa d
020 ## - ISBN
International Standard Book Number 8430603212
040 ## - FUENTE DE CATALOGACIÓN
Agencia que crea de manera original el registro BPMSU
Idioma de catalogación spa
Agencia que realiza la transcripción BPMSU
082 #4 - NÚMERO DE CLASIFICACIÓN DECIMAL DE DEWEY
Classification number 305.3
Item number A259p
100 1# - ASIENTO PRINCIPAL -- NOMBRE PERSONAL
Nombre personal Agacinski, Sylviane.
245 10 - MENCIÓN DE TITULO
Título Política de sexos /
Mención de responsabilidad Sylviane Agacinski ; traducción de Héctor Subirats y Maite Baiges Artís
260 0# - PUBLICACIÓN, DISTRIBUCIÓN, ETC. (PIE DE IMPRENTA)
Lugar de publicación, distribución, etc Madrid :
Nombre del editor, distribuidor, etc. Santillana,
Fecha de publicación, distribución, etc 1998
300 ## - DESCRIPCIÓN FÍSICA
Extensión 171 p. ;
Dimensiones 22 cm.
490 1# - MENCIÓN DE SERIES
Mención de serie Pensamiento /Taurus
500 ## - NOTA GENERAL
Nota general Incluye referencias bibliográficas y notas al pie de las páginas
650 #4 - ENCABEZAMIENTO DE MATERIA--TEMÁTICO
Término temático o nombre geográfico como elemento de entrada ROLES SEXUALES
650 #4 - ENCABEZAMIENTO DE MATERIA--TEMÁTICO
Término temático o nombre geográfico como elemento de entrada DIFERENCIAS SEXUALES
650 #4 - ENCABEZAMIENTO DE MATERIA--TEMÁTICO
Término temático o nombre geográfico como elemento de entrada SEXO (PSICOLOGÍA)
700 12 - ASIENTO SECUNDARIO -- NOMBRE PERSONAL
Nombre personal Subirats, Héctor,
Mención de responsabilidad traductor
700 12 - ASIENTO SECUNDARIO -- NOMBRE PERSONAL
Nombre personal Baiges Artís, Maite
Mención de responsabilidad traductor
830 #0 - ASIENTO SECUNDARIO DE SERIE--TÍTULO UNIFORME
Título uniforme Pensamiento /Taurus
942 ## - ADDED ENTRY ELEMENTS (KOHA)
Source of classification or shelving scheme Dewey Decimal Classification
Koha item type Libros
945 ## - INFORMACIÓN DE PROCESAMIENTO LOCAL
Información de procesamiento local Inventariado extranjero / 2017 VM
956 ## - LOCAL ELECTRONIC LOCATION AND ACCESS (OCLC)
Método de acceso VMATEO
Número de acceso 10
Información de compresión 20160905
Trayectoria BPMSU
Nombre Electrónico 0069
Existencias
Withdrawn status Lost status Source of classification or shelving scheme Damaged status Not for loan Collection code Home library Current library Date acquired Source of acquisition Total Checkouts Full call number Barcode Date last seen Price effective from Koha item type Copy number
    Dewey Decimal Classification     Colección General Biblioteca Pública Metropolitana Salomé Ureña Biblioteca Pública Metropolitana Salomé Ureña   ALFAGUARA   305.3 A259p BPMSU16090158 09/05/2016 09/05/2016 Libros  
    Dewey Decimal Classification     Colección General Biblioteca Pública Metropolitana Salomé Ureña Biblioteca Pública Metropolitana Salomé Ureña 09/05/2016 ALFAGUARA   305.3 A259p BPMSU16090159 09/05/2016 09/05/2016 Libros e. 2
    Dewey Decimal Classification     Colección General Biblioteca Pública Metropolitana Salomé Ureña Biblioteca Pública Metropolitana Salomé Ureña 09/05/2016 ALFAGUARA   305.3 A259p BPMSU16090160 09/05/2016 09/05/2016 Libros e. 3